Top 5 - Formule 1 since 2000 - Statistics

General Stats
  • This quiz has been taken 291 times
  • The average score is 93 of 125
Answer Stats
Year Driver % Correct
2007 (Top 2) | 2008 (Top 1) | 2009 (Top 5) | +13 others Hamilton
100%
2016 (Top 5) | 2018 (Top 4) | 2019 (Top 3) | +5 others Verstappen
99%
2019 (Top 4) | 2022 (Top 2) | 2023 (Top 5) | 2024 (Top 3) Leclerc
96%
2024 (Top 2) Norris
96%
2004 (Top 4) | 2005 (Top 1) | 2006 (Top 1) | +7 others Alonso
92%
2024 (Top 4) Piastri
91%
2000 (Top 1) | 2001 (Top 1) | 2002 (Top 1) | +4 others Schumacher
90%
2020 (Top 4) | 2021 (Top 4) | 2022 (Top 3) | 2023 (Top 2) Perez
85%
2009 (Top 2) | 2010 (Top 1) | 2011 (Top 1) | +8 others Vettel
85%
2021 (Top 5) | 2022 (Top 5) | 2024 (Top 5) Sainz
84%
2014 (Top 4) | 2015 (Top 5) | 2017 (Top 3) | +4 others Bottas
82%
2014 (Top 2) | 2015 (Top 2) | 2016 (Top 1) Rosberg
79%
2003 (Top 2) | 2005 (Top 2) | 2006 (Top 5) | +7 others Raikkonen
73%
2014 (Top 3) | 2016 (Top 3) | 2017 (Top 5) | 2020 (Top 5) Ricciardo
71%
2004 (Top 3) | 2009 (Top 1) | 2010 (Top 5) | +2 others Button
70%
2022 (Top 4) Russell
67%
2006 (Top 3) | 2007 (Top 4) | 2008 (Top 2) Massa
65%
2009 (Top 4) | 2010 (Top 3) | 2011 (Top 3) | 2013 (Top 3) Webber
56%
2000 (Top 2) | 2001 (Top 5) Hakkinen
48%
2000 (Top 4) | 2001 (Top 3) | 2002 (Top 2) | +3 others Barrichello
42%
2008 (Top 4) Kubica
24%
2002 (Top 3) | 2003 (Top 3) | 2004 (Top 5) | 2005 (Top 4) Montoya
24%
2005 (Top 5) | 2006 (Top 4) Fisichella
18%
2002 (Top 5) Coulthard
15%
2007 (Top 5) Heidfeld
10%
2000 (Top 3) | 2001 (Top 2) Coultard
8%
2000 (Top 5) | 2001 (Top 4) | 2002 (Top 4) | 2003 (Top 5) Ralf Schumacher
6%
No matching quizzes found
Score Distribution
Percent of People with Each Score
Percentile by Number Answered
Your Score History
You have not taken this quiz